| 000 | 01152nam a2200301 i 4500 | ||
|---|---|---|---|
| 001 | 000034292 | ||
| 003 | DO-SdBNP | ||
| 005 | 20240618151933.0 | ||
| 007 | ta | ||
| 008 | 110930s1988 dr 000 0 spa d | ||
| 040 |
_aDO-SdBNP _bspa _cBNPHU _erda |
||
| 082 | 4 |
_a782.42164 _bI37d _222 |
|
| 100 | 1 |
_aIncháustegui, Arístides _959720 _eautor |
|
| 245 | 1 | 3 |
_aEl disco en República Dominicana / _cArístides Incháustegui ; editor, Rafael Bello Peguero ; edición, Blanca Delgado Malagón |
| 264 |
_aSanto Domingo : _bAmigo del Hogar, _c1988. |
||
| 300 |
_a64 páginas : _bilustraciones, retratos ; _c24 cm. |
||
| 336 |
_2rdacontent _atexto _btxt |
||
| 337 |
_2rdamedia _asin mediación _bn |
||
| 338 |
_2rdacarrier _avolumen _bnc |
||
| 590 | _aInventariado, 2018/LP | ||
| 600 | 1 | 4 |
_aBrito Eduardo, _d1905-1946 _959721 |
| 650 | 4 |
_aCantantes _zRepública Dominicana _xBiografías _959722 |
|
| 650 | 4 |
_aIndustria de grabaciones sonoras _zRepública Dominicana _959723 |
|
| 700 | 1 |
_aBello Peguero, Rafael, _d1932-2022 _92405 _eeditor |
|
| 700 | 1 |
_aDelgado Malagón, Blanca, _eedición _922928 |
|
| 910 | _aValidado. Control de calidad MFF | ||
| 942 |
_2ddc _cLBS1 |
||
| 999 |
_c33783 _d33783 |
||